00730nam a2200241 a 4500001001300000003000900013005001700022008004100039020001000080082001500090100003500105245005000140260004500190300000900235500003500244505001700279650002200296700003500318902000800353942000700361952010500368999001500473nice12345678IN_TiNIC20260116011443.0050524s1935 stua grp 000 0 ara  ac10000a297.4bSUH aSuharwardi, Shaikh Shahabuddin aSulaas Rasaail (three Treatises on Mysticism) aStuttgartbVerlagvon W. Kohlhammerc1935 a121p aincludes index and biblioraphy2 aIndex, Illus aSufism-Suharwardi1 aSuharwardi, Shaikh Shahabuddin bRHR cBK 001040708REFaHMIbHMIcREFd2007-07-03g100.00l0o297.4 SUHp01569r2007-07-03w2026-01-16yBK c1681d1681